| 000 | 00945cam a2200241 4500 | ||
|---|---|---|---|
| 008 | 000000n1999 000 0 eng u | ||
| 020 | _a0854069704 | ||
| 035 | _a(Sirsi) u100348 | ||
| 041 | _aENG | ||
| 050 | _a331.481333 | ||
| 100 | _aEllison, Louise | ||
| 245 | _aSurveying the glass ceiling: an investigation of the progress made by women in the surveying profession. | ||
| 260 |
_bRICS _c1999 |
||
| 300 | _aiv, 55p. ; 30cm. | ||
| 520 | _aA report on research funded by the Education Trust of the Royal Institution of Chartered Surveyors and carried out by Lousie Ellison of the Department of Land and Construction Management, the University of Portsmouth. | ||
| 650 | _aWOMEN IN SURVEYING | ||
| 650 | _aWOMEN SURVEYORS | ||
| 650 | _aEQUAL OPPORTUNITIES | ||
| 650 | _aSALARY SURVEYS | ||
| 690 | _aMANAGEMENT-BUSINESS MANAGEMENT-PROFESSIONAL PRACTICE | ||
| 710 |
_aRoyal Institution of Chartered Surveyors _94900 |
||
| 942 | _n0 | ||
| 999 |
_c99684 _d99684 |
||